000 003150000a22001450004500
003 MACL
040 _aMACL
090 _c32571
_d32569
100 _aJhabvala, Noshirvan H.
245 _aThe elements of Jurisprudence 1999
260 _bC. jamnadas & Co
350 _a115
650 _aLaw
942 _cBOOK
_k340/Jha
999 _c32238
_d32238